000 00797nam a22002777a 4500
001 BR0503470
003 BR-BrBNA
005 20230928101938.0
007 ta
008 230509b bl.||||| |||| 00| 0 por d
040 _aBR-BrBNA
_bpor
_cBiblioteca Nacional de Agricultura
041 _a(Por)
072 _aE14; M12
090 _ E14 BR0503470
110 1 _aPresidência da República, Brasília, DF (Brasil). Secretaria Especial de Aqüicultura e Pesca
245 1 _aPESCART-Norte; o programa do pescador artesanal
260 3 _aBrasília, DF (Brasil):
_c[nd].
300 _a15 p.
500 _a10 illus.
650 _aPESCA ARTESANAL
650 _aPROJETO PESQUEIRO
650 _aASSISTÊNCIA TÉCNICA
650 _aNORTE
909 _a202309
_bLucia
_c55
_dLucia Elande
942 _cBK
999 _c68350
_d68350